Prípadová štúdia ako vyučovací prostriedok a vyučovací cieľ

Charakteristika prípadovej śtúdie. Prípadová štúdia ako prostriedok a cieľ vyučovacieho procesu. Sprostredkovanie skúseností z práce s prípadovými štúdiami a konkrétne príklady prístupu k nim na vyučovaní.

Gespeichert in:
Bibliographische Detailangaben
1. Verfasser: Chmelárová, Zuzana, 1967-
Format: Buchkapitel
Sprache:Slowakisch
Schlagworte:
Tags: Tag hinzufügen
Keine Tags, Fügen Sie das erste Tag hinzu!

MARC

LEADER 00000naa$a2200000$$$4500
001 0280061
005 20240502074338.4
041 0 |a slo 
044 |a SK 
245 1 0 |a Prípadová štúdia ako vyučovací prostriedok a vyučovací cieľ  |c Zuzana Chmelárová 
520 |a Charakteristika prípadovej śtúdie. Prípadová štúdia ako prostriedok a cieľ vyučovacieho procesu. Sprostredkovanie skúseností z práce s prípadovými štúdiami a konkrétne príklady prístupu k nim na vyučovaní. 
610 2 0 |a štúdie prípadové 
610 2 0 |a vyučovanie 
610 2 0 |a študenti 
100 1 |a Chmelárová, Zuzana, 1967-